000 00579nam a22002297a 4500
003 UA-OsUOA
001 83112
007 ta
008 20120330b un ||||| |||| 00| 0 ukr d
090 _a821.111
942 _cBK
040 _aUA-OsUOA
_beng
_cUA-OsUOA
_dUA-OsUOA
245 _aA George Woodcock
_cFetherling D.
300 _a238 с.
955 _a3
041 _aeng
080 _a821.111
020 _a0-88879-035-X
260 _aWoodcock
_bDeneau i Greenberd
_c1980
650 7 _a82 Література. Літературознавство
_2UDC
999 _c369428
_d369428